000 00616nam a2200229Ia 4500
003 OSt
005 20221007063956.0
006 a|||||r|||| 00| 0
007 ta
008 221006b |||||||| |||| 00| 0 eng d
024 _a43,299
037 _cTextual
040 _aFLL
_cFLL
_beng
041 _2eng
_aeng
082 _aZ1,194, Q0
100 _aRuys Tom
_9685044
245 0 _a'Armed attack' and article 51 of the UN charter
260 _aCambridge
_bCambridge university press
_c2010
300 _a585 xxx
_ccm.
942 _hZ1,194, Q0
_cTEXL
_2CC
999 _c1132699
_d1132699